000 00453nam a2200181Ia 4500
008 100920s9999 xx 000 0 und d
082 _b32494
_a13 0
100 _aBURTON RICHARD F.
245 _aMISSION TO GELELE VOL 1.
260 _b---
_c0
300 _a386
_bसाधी
365 _b0
520 _aटी.अे.
630 _aMISSION TO GELELE VOL 1.
650 _aटी.अे.
730 _aMISSION TO GELELE VOL 1.
942 _cBOOK
999 _c687409
_d687406